|
|
|
|
| LEADER |
00000naa a2200000uu 4500 |
| 001 |
vtls011050011 |
| 003 |
SK-MaSNL |
| 005 |
20260302113212.0 |
| 008 |
210904|2012 xo |||||||||||||||||eng| |
| 015 |
|
|
|a SNBRA
|
| 035 |
|
|
|a (urnnbn)urn:nbn:sk:snk:ar-00977j
|
| 035 |
|
|
|a (uuid)40ebb484-0406-4702-92e1-e0e214195073
|
| 035 |
|
|
|a urn:nbn:sk:snk-aav0ox
|
| 040 |
|
|
|a SNKBUCL
|b slo
|c SNKBUCL
|e AACR2
|
| 041 |
0 |
|
|a eng
|
| 044 |
|
|
|a xo
|c SK
|
| 100 |
1 |
|
|a Hrabčáková, Lucia
|4 aut
|9 793349
|
| 245 |
1 |
0 |
|a THIN TIN PLATES FAILURE PECULIARITIES
|c Lucia Hrabčáková
|
| 773 |
0 |
|
|t Fractography 2012
|d Košice : Institute of Materials Research, Slovak Academy of Sciences, 2012
|g S. 34
|z 9788097096427
|
| 958 |
|
|
|a OND
|
| 958 |
|
|
|a article12
|
| 958 |
|
|
|a chapter
|
| 999 |
|
|
|c 1254792
|d 1256722
|